Les footballeurs français au Bayern - Statistiques

Statistiques générales
  • Ce quiz a été pris 265 fois
  • Le résultat moyen est 8 sur 13
Statistiques - réponses
Dates + Nombres de matchs et de buts Nom du footballeur % Correct
Depuis 2017 - 293 matchs - 63 buts Kingsley Coman
93%
2007-2019 - 425 matchs - 124 buts Franck Ribéry
90%
2019-2023 - 163 matchs - 12 buts Benjamin Pavard
85%
Depuis 2021 - 105 matchs - 3 buts Dayot Upamecano
84%
2019-2023 - 107 matchs - 2 buts Lucas Hernandez
79%
1997-2004 et 2005-2006 - 273 matchs - 8 buts Bixente Lizarazu
73%
2017-2022 - 118 matchs - 21 buts Corentin Tolisso
72%
Depuis 2022 - 55 matchs - 13 buts Mathys Tel
61%
2000-2008 - 277 matchs - 8 buts Willy Sagnol
43%
2019-2020 et 2021-2022 - 13 matchs - 2 buts Michaël Cuisance
33%
1994-1996 - 40 matchs - 6 buts Jean-Pierre Papin
32%
2005-2007 - 46 matchs - 2 buts Valérien Ismaël
14%
2020-2022 - 28 matchs - 1 but Tanguy Nianzou
12%
Aucun quiz correspondant
Distribution des résultats
% des personnes avec chaque résultat
Percentile par nombre de réponses
Votre historique - résultats
Vous n’avez pas pris ce quiz